| 000 | 00872nam a2200313 i 4500 | ||
|---|---|---|---|
| 001 | 768714001 | ||
| 003 | CO-MdFUSB | ||
| 005 | 20230315154449.0 | ||
| 007 | ta | ||
| 008 | 230304t200 enk||||| |||| 00| 0 eng d | ||
| 020 | _a1841271012 | ||
| 040 |
_aCO-MdFUSB _bspa _cCO-MdFUSB _dCO-MdFUSBC _erda |
||
| 041 | _aeng | ||
| 041 | _aheb | ||
| 082 |
_223 _a492.4 _bH831el |
||
| 100 |
_aHostetter, Edwin C., _eautor |
||
| 245 | 3 |
_aAn elementary grammar of biblical Hebrew _c/ Edwin C. Hostetter |
|
| 264 | 1 |
_aInglaterra : _bSheffield Academic Press, _c[2000] |
|
| 264 | 4 | _c© 2000 | |
| 300 |
_a176 páginas _c; 24 cm |
||
| 336 |
_2rdacontent _atexto _btxt |
||
| 337 |
_2rdamedia _asin mediación _bn |
||
| 338 |
_2rdacarrier _avolumen _bnc |
||
| 563 | _aRustico | ||
| 653 | _aGramática hebrea | ||
| 942 | _cBK | ||
| 945 | _aMag1104 | ||
| 999 |
_c68502 _d68502 |
||